MyGZULibrary

Perspectives on personality / (Record no. 238)

MARC details
000 -LEADER
fixed length control field 01021cam a2200289 a 4500
001 - CONTROL NUMBER
control field 13153933
003 - CONTROL NUMBER IDENTIFIER
control field GZU
005 - DATE AND TIME OF LATEST TRANSACTION
control field 20200715140307.0
008 - FIXED-LENGTH DATA ELEMENTS--GENERAL INFORMATION
fixed length control field 030409s2004 maua b 001 0 eng
010 ## - LIBRARY OF CONGRESS CONTROL NUMBER
LC control number 2003044325
020 ## - INTERNATIONAL STANDARD BOOK NUMBER
International Standard Book Number 0205293948 (student ed. : alk. paper)
040 ## - CATALOGING SOURCE
Original cataloging agency DLC
Transcribing agency DLC
Modifying agency DLC
050 00 - LIBRARY OF CONGRESS CALL NUMBER
Classification number BF698
Item number .CAR 2004
082 00 - DEWEY DECIMAL CLASSIFICATION NUMBER
Classification number 155.2
Edition number 21
100 1# - MAIN ENTRY--PERSONAL NAME
Personal name Carver, Charles S.
Relator term author
245 10 - TITLE STATEMENT
Title Perspectives on personality /
Statement of responsibility, etc. Charles S. Carver, Michael F. Scheier.
250 ## - EDITION STATEMENT
Edition statement 5th ed.
260 ## - PUBLICATION, DISTRIBUTION, ETC.
Place of publication, distribution, etc. Boston :
Name of publisher, distributor, etc. Pearson/A and B,
Date of publication, distribution, etc. c2004.
300 ## - PHYSICAL DESCRIPTION
Extent xxi, 602p. :
Other physical details ill. (some col.) ;
500 ## - GENERAL NOTE
General note Includes bibliographical references and indexes.
504 ## - BIBLIOGRAPHY, ETC. NOTE
Bibliography, etc. note Includes bibliographical references and indexes.
650 #0 - SUBJECT ADDED ENTRY--TOPICAL TERM
Topical term or geographic name entry element Personality
Form subdivision Textbooks.
700 1# - ADDED ENTRY--PERSONAL NAME
Personal name Scheier, Michael.
Relator term author
906 ## - LOCAL DATA ELEMENT F, LDF (RLIN)
a 7
b cbc
c orignew
d 1
e ocip
f 20
g y-gencatlg
942 ## - ADDED ENTRY ELEMENTS (KOHA)
Source of classification or shelving scheme Library of Congress Classification
Koha item type Books
Edition 4th ed.
Classification part 698
Item part CAR
Call number prefix BF
Holdings
Withdrawn status Lost status Damaged status Not for loan Collection code Home library Current library Shelving location Date acquired Total Checkouts Full call number Barcode Date last seen Copy number Price effective from Koha item type
        Non-fiction City Campus Library City Campus Library General Stacks 03/17/2014   BF698 CAR 2000 002783 07/15/2020 c. 1 07/15/2020 Books